| 000 | 00405cam a2200169ua 4500 | ||
|---|---|---|---|
| 020 | _c2.00 | ||
| 041 |
_amal _h |
||
| 082 |
_a894.812308 _bMPO/AA |
||
| 100 | _aMoppasang, . | ||
| 245 |
_aAasa / _cMoppasang. _hTextual Documents |
||
| 260 |
_aThuravoor : _bSree Narasimha Vilasam Book Depot , _c1953. |
||
| 300 | _a161 ; . | ||
| 365 | _a2.00 | ||
| 504 | _a | ||
| 942 | _cBK | ||
| 999 |
_c4915 _d4915 |
||